000 00874nam a2200253 i 4500
001 bg
245 0 0 _aToksykologia :
_bwybrane zagadnienia /
_cpod red. Jerzego Brandysa ; oprac. zespół Maciej Gawlik [et al.].
260 _aKraków :
_bWydaw. Uniwersytetu Jagiellońskiego,
_c1999.
300 _a302 s. :
_bil. ;
_c24 cm.
504 _aBibliogr. - Indeks.
650 9 _aToksykologia
655 _aPodręczniki akademickie
700 1 _aBRANDYS, Jerzy.
_eRed.
700 1 _aGAWLIK, Maciej.
_eOprac.
020 _a8323312672
040 _cBPK
041 0 _apl
080 _a615.9(075.8)
920 _a83-233-1267-2
942 _cKS
008 s pl f |000 0 pol
856 _uhttp://koha.tu.koszalin.pl/cgi-bin/koha/opac-detail.pl?biblionumber=38783
_yKatalog online BPK
999 _c38783
_d38783